Borussia Dortmund - Tous les joueurs (2010-2020) - Statistiques

Statistiques générales
  • Ce quiz a été pris 612 fois
  • Le résultat moyen est 34 sur 93
Statistiques - réponses
Saisons Nationalité Joueur Nb de matchs % Correct
2012-2020 Allemagne Marco Reus 184
97%
2010-2016, 2019-2020 Allemagne Mats Hummels 201
95%
2010-2014 Pologne Robert Lewandowski 131
94%
2013-2018 Gabon Pierre-Emerick Aubameyang 144
93%
2010-2013, 2016-2020 Allemagne Mario Götze 153
88%
2016-2020 Portugal Raphaël Guerreiro 182
88%
2019-2020 Norvège Erling Haaland 15
86%
2010-2012, 2014-2019 Japon Shinji Kagawa 148
86%
2015-2020 Suisse Roman Bürki 156
84%
2015-2019 Etats-Unis Christian Pulisic 90
80%
2016-2017 France Ousmane Dembélé 32
78%
2017-2020 Angleterre Jadon Sancho 78
76%
2013-2018 Grèce Sokratis Papastathopoulos 130
76%
2010-2020 Pologne Lukasz Piszczek 248
72%
2013-2016 Arménie Henrikh Mkhitaryan 90
71%
2018-2020 Maroc Achraf Hakimi 54
70%
2019-2020 Belgique Thorgan Hazard 33
69%
2018-2020 Belgique Axel Witsel 61
68%
2019-2020 Allemagne Emre Can 12
68%
2017-2020 Suisse Manuel Akanji 65
68%
2010-2011, 2012-2018 Turquie Nuri Sahin 118
68%
2010-2018 Allemagne Roman Weidenfeller 160
68%
2011-2016 Allemagne Ilkay Gundogan 105
66%
2010-2020 Allemagne Marcel Schmelzer 216
65%
2017-2020 France Dan-Axel Zagadou 43
63%
2010-2018 Serbie Neven Subotic 129
62%
2019-2020 Etats-Unis Giovanni Reyna 15
61%
2010-2015 Pologne Jakub Blaszczykowski 114
59%
2014-2015 Italie Ciro Immobile 24
54%
2018-2020 Danemark Thomas Delaney 41
53%
2019-2020 Allemagne Julian Brandt 33
52%
2018-2020 Espagne Paco Alcacer 37
52%
2016-2017 Turquie Emre Mor 12
48%
2017-2018 Ukraine Andriy Yarmolenko 18
45%
2010-2017 Allemagne Sven Bender 139
44%
2018-2019 Sénégal Abdou Diallo 28
43%
2018-2020 Suisse Marwin Hitz 6
43%
2017-2020 Allemagne Mahmoud Dahoud 49
39%
2019-2020 Allemagne Nico Schulz 11
33%
2017-2018 Belgique Michy Batshuayi 10
32%
2017-2020 Turquie Ömer Toprak 35
32%
2010-2013 Brésil Felipe Santana 47
31%
2011-2013 Croatie Ivan Perisic 42
31%
2015-2020 Allemagne Julian Weigl 116
31%
2017-2018 Suède Alexander Isak 5
30%
2016-2018 Allemagne André Schürrle 33
30%
2016-2018 Espagne Marc Bartra 31
29%
2014-2017 Colombie Adrian Ramos 59
27%
2010-2015 Allemagne Kevin Grosskreutz 144
27%
2010-2012 Paraguay Lucas Barrios 50
26%
2018-2019 Allemagne Marius Wolf 11
26%
2015-2017 Corée du Sud Park Joo-ho 7
26%
2017-2020 Danemark Jacob Bruun Larsen 29
24%
2010-2015 Allemagne Sebastian Kehl 79
23%
2015-2018 Allemagne Felix Passlack 14
22%
2019-2020 Espagne Mateu Morey 5
22%
2014-2017 Allemagne Matthias Ginter 67
22%
2016-2017 Allemagne Sebastian Rode 14
21%
2015-2018 Allemagne Gonzalo Castro 72
20%
2019-2020 Argentine Leonardo Balerdi 7
19%
2013-2018 Allemagne Erik Durm 64
18%
2014-2016 Slovénie Kevin Kampl 14
17%
2010-2012 Egypte Mohamed Zidan 10
16%
2017-2018 Espagne Sergio Gomez 2
16%
2010-2015 Australie Mitchell Langerak 19
15%
2010-2011 Brésil Dedê 4
13%
2015-2016 Belgique Adnan Januzaj 6
11%
2017-2019 Allemagne Maximilian Philipp 38
11%
2012-2016 Allemagne Jonas Hofmann 38
9%
2010-2012 Brésil Antônio da Silva 27
8%
2017-2018 Allemagne Jeremy Toljan 16
7%
2012-2014 Allemagne Julian Schieber 35
7%
2013-2014 Allemagne Marian Sarr 2
7%
2016-2017 Espagne Mikel Merino 8
7%
2013-2015 Serbie Milos Jojic 20
7%
2013-2014 Allemagne Koray Günter 1
5%
2011-2013, 2015-2016 Allemagne Moritz Leitner 50
5%
2010-2012 Allemagne Patrick Owomoyela 17
5%
2012-2013 Allemagne Leonardo Bittencourt 5
4%
2012-2015 Allemagne Oliver Kirch 18
4%
2019-2020 Allemagne Tobias Raschl 1
4%
2011-2012 Allemagne Chris Löwe 7
3%
2016-2017 Allemagne Dzenis Burnic 1
3%
2011-2012 Allemagne Florian Kringe 1
3%
2013-2014 Allemagne Marvin Ducksch 6
3%
2012-2013 Hongrie Balint Bajner 1
2%
2010-2011 Bulgarie Dimitar Rangelov 1
2%
2014-2015 Etats-Unis Joe Gyau 1
2%
2013-2014 Allemagne Manuel Friedrich 8
2%
2010-2011 Allemagne Markus Feulner 6
2%
2014-2015 Allemagne Jeremy Dudziak 3
1%
2010-2011 Allemagne Marco Stiepermann 4
1%
2014-2015 Japon Mitsuru Maruoka 1
1%
Aucun quiz correspondant
Distribution des résultats
% des personnes avec chaque résultat
Percentile par nombre de réponses
Votre historique - résultats
Vous n’avez pas pris ce quiz